Kyle's Birthday Quiz Stats

 Plays Quiz not verified by Sporcle

Score 0/10 Timer 03:00
0 Plays Today
Question Answer % Correct
How many hookers in your house last year produced an ovum?Three
100%
What phobia brings you and I to our knees?Trypophobia
85.7%
What beverage did I make with my balls in Swindon?Tea
85.7%
Through what Christmas plant did we praise the Bourton?Tree
85.7%
In A Snake in the Woodchippings, who was a hit by a shoe?Thomas Arthur Rees
85.7%
If you were running with a vodka bottle in your pocket, what would you do?Tumble
85.7%
On what platform did 'c*nt' spread across the seas?Tumblr
71.4%
How much, my friend, does Isaac love you?Too much
71.4%
On what room did we instruct we would 'vigorously bum'?The Toilets of Barry Sixth Form
57.1%
How many times did we dismiss going to Rhoose?Three billion
28.6%

You're not logged in!

Compare scores with friends on all Sporcle quizzes.
OR
Log In

Sporcle TV

Today on Sporcle TV


Watch our educational content, quiz creation guides, and fun videos on Sporcle TV.

Show Comments

Extras

Created Jan 1, 2015ReportNominate
Tags:Letter Quiz, birthday, kyle

Top Quizzes Today


Score Distribution

Your Account Isn't Verified!

In order to create a playlist on Sporcle, you need to verify the email address you used during registration. Go to your Sporcle Settings to finish the process.

Report this User

Report this user for behavior that violates our Community Guidelines.

Details: